000 00691nam a2200193Ia 4500
003 GCL
008 140319s9999 xx 000 0 ara d
040 _aGCL /
_cGCL
082 0 4 _a370.13
_bا ت
100 1 _aاحمد على الحاج محمد
245 1 0 _aالتخطيط التربوى: اطار لمدخل تنموى جديد /
_cاحمد على الحاج محمد
260 _aالقاهرة :
_bالمؤسسة الجامعية للدراسات والنشر والتوزيع ،
_c1992
300 _a182 ص ؛
_c24 سم
490 _a
650 0 4 _aالتعليم
650 0 4 _aالتخطيط التربوى
650 0 4 _aالتنمية الاجتماعية
942 _2ddc
_cBK
999 _c54892
_d54892